| 000 | 00933nam a22002657a 4500 | ||
|---|---|---|---|
| 001 | 7452 | ||
| 003 | FISKH | ||
| 005 | 20250716104511.0 | ||
| 008 | 250716b cb ||||| |||| 00| 0 eng d | ||
| 020 | _a9780721419725 | ||
| 040 |
_aFISKH _beng _cFISKH _dFISKH 428.6 |
||
| 050 | _aPZ7 | ||
| 082 | _a 428.6 | ||
| 100 | _aMoseng, Elisabeth | ||
| 245 |
_aChicken licken / _cIllustrated by Elisabeth Moseng |
||
| 260 |
_aUnited Kingdom : _bLadyBird, _c1998. |
||
| 300 |
_a27 pages : _bcolor illustrations ; _c18 cm |
||
| 505 | _aG | ||
| 520 | _aThe Read it Yourself Book and Tape Collection is a series of popular tales retold in lively, natural language. Graded into four levels of difficulty, the range is particulary suitable for students of English as a second language. | ||
| 521 | 8 |
_a400
_bLexile |
|
| 521 | 8 |
_aG
_bRaz-Plus |
|
| 650 |
_aMama Primary _vFiction _xFairyTales |
||
| 942 |
_2ddc _cBK _n0 |
||
| 999 |
_c7452 _d7452 |
||